[Event "C.to Europeo U16"]
[Site "Fermo ITA"]
[Date "2009.09.08"]
[Round "8"]
[White "Grandelius, Nils"]
[Black "Lortkipanidze, Nodar"]
[Result "1-0"]
[WhiteElo "2515"]
[BlackElo "2218"]
[PlyCount "87"]
[EventDate "2009.08.31"]

1. e4 e5 2. Nf3 Nc6 3. Bb5 a6 4. Ba4 Nf6 5. O-O Be7 6. Re1 b5 7. Bb3 d6 8. c3
Na5 9. Bc2 c5 10. d4 Qc7 11. a4 b4 12. cxb4 cxb4 13. b3 Bg4 14. Nbd2 Rc8 15.
Ra2 O-O 16. h3 Bh5 17. Bd3 Qa7 18. dxe5 dxe5 19. g4 Bg6 20. Nxe5 Rfd8 21. Qe2
Nd7 22. Nxd7 Qxd7 23. Bxa6 Rc3 24. Kg2 Bg5 25. Qb5 Qe7 26. Qxa5 h5 27. Be2 Rdc8
28. gxh5 Bh7 29. Bg4 Rxc1 30. Rxc1 Rxc1 31. Qa8+ Qf8 32. Qxf8+ Kxf8 33. Bf3 f6
34. a5 Bxd2 35. a6 Rc8 36. a7 Ra8 37. e5 Rxa7 38. Rxa7 fxe5 39. Bd5 Bb1 40.
Rf7+ Kg8 41. Re7+ Kh7 42. Rxe5 Kh6 43. Bf3 Bc3 44. Re6+ 1-0

[Event "C.to Europeo U16"]
[Site "Fermo ITA"]
[Date "2009.09.08"]
[Round "8"]
[White "Handler, Lukas"]
[Black "Sochacki, Christophe"]
[Result "0-1"]
[WhiteElo "2115"]
[BlackElo "2274"]
[PlyCount "62"]
[EventDate "2009.08.31"]

1. d4 Nf6 2. c4 e6 3. Nc3 Bb4 4. Qc2 O-O 5. a3 Bxc3+ 6. Qxc3 d5 7. Bg5 c5 8.
cxd5 cxd4 9. Qxd4 Nc6 10. Qd2 exd5 11. Nf3 Ne4 12. Bxd8 Nxd2 13. Kxd2 Rxd8 14.
e3 d4 15. Nxd4 Nxd4 16. exd4 Rxd4+ 17. Ke3 Rd6 18. Bc4 Bd7 19. Rad1 Re8+ 20.
Kf4 Rf6+ 21. Kg3 Rg6+ 22. Kf4 Bc6 23. Bd5 h6 24. Bxc6 bxc6 25. Rd2 Rxg2 26. b4
Re6 27. Kf3 Rg5 28. Rc1 Rf6+ 29. Ke4 Rg4+ 30. Ke5 Re6+ 31. Kf5 h5 0-1

[Event "C.to Europeo U16"]
[Site "Fermo ITA"]
[Date "2009.09.08"]
[Round "8"]
[White "Javakhadze, Zurab"]
[Black "Vlasak, Lukas"]
[Result "0-1"]
[WhiteElo "2309"]
[BlackElo "2177"]
[PlyCount "132"]
[EventDate "2009.08.31"]

1. Nf3 d5 2. d4 c6 3. c4 Nf6 4. e3 e6 5. b3 Bd6 6. Bd3 Nbd7 7. Nbd2 Qe7 8. O-O
O-O 9. e4 dxe4 10. Nxe4 Nxe4 11. Bxe4 c5 12. Bb2 cxd4 13. Qxd4 e5 14. Qd2 Nf6
15. Bc2 Bg4 16. Nxe5 Bxe5 17. Qe3 Bd6 18. Qd3 Rfd8 19. Bxf6 Qxf6 20. Qxh7+ Kf8
21. h3 Be6 22. f4 Bc5+ 23. Kh2 g6 24. Rae1 Rd2 25. Be4 Rf2 26. Rxf2 Bxf2 27.
Rf1 Qxf4+ 28. Kh1 Ke7 29. Bxg6 Qh4 30. Bh5 Rd8 31. Qc2 Qxh5 32. Qxf2 Rd1 33.
Re1 Rxe1+ 34. Qxe1 Qc5 35. Qe4 Qb6 36. h4 Qc6 37. Qe3 b6 38. Qg5+ Kd7 39. h5
Qe4 40. h6 Bf5 41. Qf6 Qe6 42. Qh4 Qg6 43. Kg1 Be4 44. Qh3+ Ke7 45. Qh2 f6 46.
Kf2 Qf5+ 47. Ke3 Bb1 48. Qb8 Qe5+ 49. Qxe5+ fxe5 50. b4 Kd6 51. a3 Bh7 52. Kf3
Ke6 53. g4 Kf6 54. Ke3 e4 55. Kd4 Ke6 56. a4 Kd6 57. g5 a5 58. b5 Bg6 59. Ke3
Kc5 60. Kf4 Kxc4 61. Ke5 e3 62. Kf6 e2 63. Kxg6 e1=Q 64. h7 Qe8+ 65. Kg7 Qe7+
66. Kg6 Qf8 0-1

[Event "C.to Europeo U16"]
[Site "Fermo ITA"]
[Date "2009.09.08"]
[Round "8"]
[White "Juhasz, Kristof"]
[Black "Khachykian, David"]
[Result "0-1"]
[WhiteElo "2268"]
[BlackElo "2139"]
[PlyCount "94"]
[EventDate "2009.08.31"]

1. d4 d5 2. c4 e6 3. Nc3 c6 4. e4 dxe4 5. Nxe4 Bb4+ 6. Bd2 Qxd4 7. Bxb4 Qxe4+
8. Be2 Na6 9. Bd6 Qxg2 10. Qd2 Nf6 11. Bf3 Qg6 12. O-O-O e5 13. Bxe5 Be6 14.
Ne2 Qf5 15. Bf4 Qc5 16. b3 Qa3+ 17. Qb2 Qxb2+ 18. Kxb2 O-O 19. Rhg1 Rfd8 20.
Kc3 Nc5 21. Rd4 Bf5 22. Be3 Nfe4+ 23. Bxe4 Nxe4+ 24. Kb2 Rxd4 25. Bxd4 f6 26.
Ng3 Nxg3 27. hxg3 Kf7 28. Re1 g5 29. Bc5 Be6 30. Rh1 Kg6 31. Re1 Kf7 32. Rh1
Bf5 33. Re1 b6 34. Re7+ Kg6 35. Be3 h5 36. f4 h4 37. fxg5 h3 38. g4 Bxg4 39.
gxf6 Kxf6 40. Rh7 Kf5 41. a4 Re8 42. Bg1 Re1 43. Bd4 Re2+ 44. Ka3 h2 45. a5
bxa5 46. Bxa7 Bf3 47. Rf7+ Kg4 0-1

[Event "C.to Europeo U16"]
[Site "Fermo ITA"]
[Date "2009.09.08"]
[Round "8"]
[White "Kanarek, Marcel"]
[Black "Hajbok, Robert"]
[Result "1-0"]
[WhiteElo "2422"]
[BlackElo "2274"]
[PlyCount "75"]
[EventDate "2009.08.31"]

1. e4 c5 2. Nf3 d6 3. d4 cxd4 4. Nxd4 Nf6 5. Nc3 a6 6. Bg5 e6 7. f4 Qb6 8. Qd3
Nc6 9. Bxf6 gxf6 10. Nb3 Bd7 11. Be2 Rg8 12. g3 O-O-O 13. Bh5 Rg7 14. O-O-O Kb8
15. Kb1 Na5 16. Rhe1 Be7 17. f5 Rc8 18. Nxa5 Qxa5 19. Qf3 Qc5 20. Re2 b5 21.
Red2 b4 22. Ne2 e5 23. Qb3 Qc4 24. Qe3 Bc6 25. Bf3 Bb7 26. c3 b3 27. axb3 Qxb3
28. Nc1 Qc4 29. Na2 a5 30. Rd5 Bxd5 31. Rxd5 Rc5 32. Be2 Qb3 33. Nc1 Qa4 34.
Nd3 Rc6 35. Nxe5 Rc7 36. Qb6+ Rb7 37. Nc6+ Kc8 38. Nxe7+ 1-0

[Event "C.to Europeo U16"]
[Site "Fermo ITA"]
[Date "2009.09.08"]
[Round "8"]
[White "Mammadov, Zaur Fazahir Oglu"]
[Black "Botto, Julien"]
[Result "1-0"]
[WhiteElo "2235"]
[BlackElo "1906"]
[PlyCount "57"]
[EventDate "2009.08.31"]

1. e4 c5 2. c3 Nf6 3. e5 Nd5 4. Nf3 e6 5. d4 cxd4 6. cxd4 d6 7. Nc3 Nxc3 8.
bxc3 Nc6 9. exd6 Bxd6 10. Bd3 Ne7 11. O-O Ng6 12. Qc2 O-O 13. Bg5 Qc7 14. h4
Re8 15. h5 Nf8 16. Rae1 h6 17. Bd2 Nd7 18. Qc1 Bf8 19. Bb1 b6 20. Qc2 Nf6 21.
Re3 Bb7 22. Ne5 Bd6 23. Rg3 Bxe5 24. dxe5 Qxe5 25. Bxh6 Nxh5 26. Qh7+ Kf8 27.
Bc1 g6 28. Ba3+ Re7 29. Bxg6 1-0

[Event "C.to Europeo U16"]
[Site "Fermo ITA"]
[Date "2009.09.08"]
[Round "8"]
[White "Martinho Mesquita Alves, Filipe"]
[Black "Ten Hertog, Hugo"]
[Result "0-1"]
[WhiteElo "1973"]
[BlackElo "2108"]
[PlyCount "70"]
[EventDate "2009.08.31"]

1. e4 c5 2. Nf3 d6 3. d4 cxd4 4. Nxd4 Nf6 5. Nc3 a6 6. Be3 e6 7. f3 b5 8. Qd2
Bb7 9. g4 Nfd7 10. O-O-O Nb6 11. Qf2 N8d7 12. Bd3 Rc8 13. Nce2 Nc4 14. Bxc4
Rxc4 15. h4 Ne5 16. Rhg1 Rc8 17. Kb1 Qc7 18. Ng3 Nc4 19. Bc1 d5 20. exd5 Bxd5
21. Nb3 Bd6 22. Nf5 O-O 23. Nxd6 Nxd6 24. h5 a5 25. Bf4 a4 26. Nd4 Qc5 27. h6
g6 28. Qh4 f6 29. Bxd6 Qxd6 30. Rge1 a3 31. Nxb5 Qb4 32. Nxa3 Rb8 33. b3 Qxa3
34. g5 Bxb3 35. cxb3 Rxb3+ 0-1

[Event "C.to Europeo U16"]
[Site "Fermo ITA"]
[Date "2009.09.08"]
[Round "8"]
[White "Miandro, Steven"]
[Black "Piscitelli, Vito"]
[Result "1/2-1/2"]
[WhiteElo "1878"]
[BlackElo "2067"]
[PlyCount "88"]
[EventDate "2009.08.31"]

1. d4 d5 2. c4 e6 3. Nc3 Nf6 4. cxd5 exd5 5. Bg5 Nbd7 6. e3 c6 7. Qc2 Be7 8.
Bd3 O-O 9. Nf3 Re8 10. O-O g6 11. h3 Nf8 12. Bf4 Ne6 13. Bh2 Ng7 14. Rab1 Bf5
15. b4 a6 16. Ne5 Nd7 17. Bxf5 Nxf5 18. Nxd7 Qxd7 19. a4 b5 20. a5 Bd6 21. Ne2
Bxh2+ 22. Kxh2 Nd6 23. Nc1 Nc4 24. Rb3 Kg7 25. Nd3 Qf5 26. Qd1 f6 27. Kg1 g5
28. Re1 Re7 29. Nc5 Raa7 30. Qd3 Qxd3 31. Nxd3 Re8 32. Nc5 f5 33. Nd3 Kf6 34.
Rc3 h5 35. Rcc1 Rae7 36. Nc5 Ra7 37. Nd3 Ree7 38. Nc5 Kf7 39. Kh1 Kg6 40. Kg1
Kf6 41. Nd3 Re8 42. Nc5 Ke7 43. Rc2 Kd6 44. Rce2 g4 1/2-1/2

[Event "C.to Europeo U16"]
[Site "Fermo ITA"]
[Date "2009.09.08"]
[Round "8"]
[White "Mraz, Martin"]
[Black "Kokotovic, Aleksandar"]
[Result "0-1"]
[WhiteElo "1813"]
[BlackElo "1967"]
[PlyCount "112"]
[EventDate "2009.08.31"]

1. e4 c5 2. Nf3 d6 3. d4 cxd4 4. Nxd4 Nf6 5. Nc3 a6 6. Be3 e6 7. f3 Qc7 8. Qd2
b5 9. O-O-O Bb7 10. g4 Nc6 11. Bg2 Ne5 12. b3 Rc8 13. Nce2 d5 14. g5 Nfd7 15.
f4 Nc6 16. Nxc6 Bxc6 17. exd5 Bxd5 18. Bxd5 exd5 19. Kb2 Bc5 20. Bxc5 Nxc5 21.
Ng3 O-O 22. h4 Ne4 23. Nxe4 dxe4 24. Rc1 a5 25. h5 a4 26. h6 Rfd8 27. Qe3 g6
28. Rh3 Qc6 29. Rh2 b4 30. Rf2 a3+ 31. Kb1 Qd5 32. Rff1 Rc3 33. Qe2 Rdc8 34.
Rfd1 Qf5 35. Qd2 f6 36. Qd4 e3 37. Qd5+ Qxd5 38. Rxd5 e2 39. Rd2 fxg5 40. Rxe2
gxf4 41. Rf1 f3 42. Ref2 Rf8 43. Kc1 Rf4 44. Rg1 Kf7 45. Rg5 Kf6 46. Rb5 Rc7
47. Kd2 g5 48. Rd5 Kg6 49. Rd6+ Kh5 50. Ke3 Kg4 51. Rd5 Rc3+ 52. Rd3 Rxd3+ 53.
cxd3 Kg3 54. d4 g4 55. d5 Rf8 56. d6 Re8+ 0-1

[Event "C.to Europeo U16"]
[Site "Fermo ITA"]
[Date "2009.09.08"]
[Round "8"]
[White "Nestorovic, Lazar"]
[Black "Skoulakis, Charalambos"]
[Result "1-0"]
[WhiteElo "2240"]
[BlackElo "2132"]
[PlyCount "117"]
[EventDate "2009.08.31"]

1. e4 e6 2. d4 d5 3. Nc3 Nf6 4. Bg5 Be7 5. e5 Nfd7 6. Bxe7 Qxe7 7. Nb5 Qd8 8.
c3 a6 9. Na3 c5 10. Nc2 Nc6 11. f4 b5 12. Nf3 Bb7 13. g3 Qe7 14. Kf2 f6 15. Kg2
O-O-O 16. a4 b4 17. cxb4 cxb4 18. Rc1 Kb8 19. Na1 Rc8 20. Nb3 Rhf8 21. Bd3 fxe5
22. fxe5 g5 23. Qe2 Ka7 24. Rhf1 h5 25. Nfd2 h4 26. Rxf8 Rxf8 27. Rf1 Rxf1 28.
Qxf1 Nb6 29. gxh4 gxh4 30. Kh3 Nxa4 31. Qa1 Qg5 32. Bxa6 Qe3+ 33. Kxh4 Bxa6 34.
Qxa4 Nxd4 35. Qd7+ Bb7 36. Qa4+ Kb8 37. Qxb4 Qh6+ 38. Kg4 Qg6+ 39. Kh3 Qh5+ 40.
Kg2 Qg4+ 41. Kf2 Qe2+ 42. Kg1 Qg4+ 43. Kf2 Qf5+ 44. Kg3 Qxe5+ 45. Kg4 Qf5+ 46.
Kh4 Qf6+ 47. Kh3 Qh6+ 48. Kg4 Nf5 49. Qf4+ Qxf4+ 50. Kxf4 Kc7 51. Ke5 Bc8 52.
Nf3 Ne3 53. h4 Nc4+ 54. Kf6 Kd6 55. h5 Ne3 56. Ne5 Nf5 57. Nf7+ Kc6 58. Nd4+
Nxd4 59. h6 1-0

[Event "C.to Europeo U16"]
[Site "Fermo ITA"]
[Date "2009.09.08"]
[Round "8"]
[White "Orava, Aleksander"]
[Black "Schaerer, Julian"]
[Result "1/2-1/2"]
[WhiteElo "1794"]
[BlackElo "1975"]
[PlyCount "64"]
[EventDate "2009.08.31"]

1. d4 Nf6 2. Nc3 d5 3. Bg5 Bf5 4. Bxf6 exf6 5. e3 c6 6. Bd3 Bxd3 7. cxd3 Nd7 8.
Nge2 Bd6 9. O-O O-O 10. e4 Nb6 11. f4 dxe4 12. dxe4 f5 13. e5 Be7 14. Rf3 Qd7
15. Rh3 Rfd8 16. Rd3 c5 17. Kh1 cxd4 18. Rxd4 Qe8 19. Qb3 Bc5 20. Rxd8 Rxd8 21.
Rd1 h6 22. h3 Rd7 23. Rxd7 Qxd7 24. Qb5 Qxb5 25. Nxb5 Nd5 26. g3 g6 27. Kg2 Kf8
28. Kf3 Ke7 29. Nbd4 f6 30. exf6+ Kxf6 31. Nb3 Bb6 32. Nd2 Bc7 1/2-1/2

[Event "C.to Europeo U16"]
[Site "Fermo ITA"]
[Date "2009.09.08"]
[Round "8"]
[White "Pavlidis, Antonios"]
[Black "Rzayev, Bahruz Iqbal Oglu"]
[Result "1-0"]
[WhiteElo "2360"]
[BlackElo "2228"]
[PlyCount "111"]
[EventDate "2009.08.31"]

1. e4 c5 2. Nf3 Nc6 3. Bb5 g6 4. O-O Bg7 5. Bxc6 dxc6 6. d3 Nf6 7. Nc3 Nd7 8.
h3 e5 9. Nh2 Nf8 10. f4 exf4 11. Bxf4 Ne6 12. Be3 h5 13. Qd2 b6 14. Nf3 O-O 15.
e5 Nd4 16. Bxd4 cxd4 17. Ne4 c5 18. Qf4 f5 19. Nd6 Bd7 20. Rae1 Be8 21. c3 dxc3
22. bxc3 Qe7 23. d4 Rd8 24. Kh1 Kh7 25. Qg5 Rd7 26. d5 Bf6 27. Qd2 Rxd6 28.
exd6 Qxd6 29. c4 b5 30. Ng5+ Kg8 31. Ne6 Rf7 32. Nxc5 Qxc5 33. Rxe8+ Kg7 34.
cxb5 Qxb5 35. Rfe1 f4 36. R8e6 Bh4 37. Qd4+ Kh7 38. Qe4 Rf5 39. Rd1 Qb2 40. Qe2
Qb7 41. Qf3 Qd7 42. Qe4 Qb5 43. Re5 Rxe5 44. Qxe5 Bg3 45. Rc1 h4 46. Qe7+ Kh6
47. Qf8+ Kg5 48. Qc5 Qe2 49. d6+ Kh6 50. d7 Qd2 51. Qc3 Qxd7 52. Qh8+ Qh7 53.
Qxh7+ Kxh7 54. Rc7+ Kh6 55. Rxa7 Bf2 56. Rf7 1-0

[Event "C.to Europeo U16"]
[Site "Fermo ITA"]
[Date "2009.09.08"]
[Round "8"]
[White "Pecurica, Milos"]
[Black "Kotainy, Jens"]
[Result "0-1"]
[WhiteElo "2010"]
[BlackElo "2270"]
[PlyCount "110"]
[EventDate "2009.08.31"]

1. d4 e6 2. c4 f5 3. g3 Nf6 4. Bg2 Nc6 5. Nf3 Bb4+ 6. Bd2 Bxd2+ 7. Nbxd2 O-O 8.
O-O d6 9. e3 Qe7 10. Rb1 e5 11. b4 e4 12. Ne1 a6 13. b5 axb5 14. cxb5 Nd8 15.
a4 Be6 16. Qc2 Bd5 17. Ra1 b6 18. Qc3 c5 19. bxc6 Nxc6 20. Nc2 Rfe8 21. Qb2 Ra5
22. Rfc1 Qa7 23. Na3 Rb8 24. Nb5 Qd7 25. Bf1 Bf7 26. Na3 Ne7 27. Bb5 Qd8 28.
Nac4 Ra7 29. Qb4 Nc8 30. Rc2 Nd5 31. Qa3 Nc7 32. Qb2 Ne7 33. Nb1 Nxb5 34. Qxb5
Be8 35. Qb4 Nd5 36. Qxd6 Qxd6 37. Nxd6 Rxa4 38. Rxa4 Bxa4 39. Rb2 Bd7 40. g4 g6
41. gxf5 gxf5 42. Na3 Kf8 43. Nab5 Ke7 44. Ra2 Rg8+ 45. Kf1 Rg6 46. Ra8 Rxd6
47. Nxd6 Kxd6 48. Rh8 Nf6 49. Rf8 Nd5 50. Rh8 f4 51. Rxh7 fxe3 52. fxe3 Nxe3+
53. Ke2 Nf5 54. h4 Bb5+ 55. Kd1 e3 0-1

[Event "C.to Europeo U16"]
[Site "Fermo ITA"]
[Date "2009.09.08"]
[Round "8"]
[White "Petenyi, Tamas"]
[Black "Halvax, Georg"]
[Result "1/2-1/2"]
[WhiteElo "2308"]
[BlackElo "2260"]
[PlyCount "77"]
[EventDate "2009.08.31"]

1. e4 c5 2. Nf3 e6 3. d4 cxd4 4. Nxd4 Nf6 5. Bd3 Nc6 6. Nxc6 bxc6 7. O-O d5 8.
Nd2 Bd6 9. Re1 Qc7 10. h3 O-O 11. Qe2 e5 12. b3 Bb4 13. Bb2 dxe4 14. Nxe4 Nd5
15. c3 Nf4 16. Qf3 Nxd3 17. Qxd3 Be7 18. c4 f5 19. Qg3 f4 20. Qc3 Bf6 21. Rad1
Bf5 22. Ba3 Be7 23. Bb2 Bf6 24. f3 Rfd8 25. Qc2 Kh8 26. Kh1 Rxd1 27. Rxd1 Rd8
28. Rxd8+ Qxd8 29. Qd2 Qxd2 30. Nxd2 Kg8 31. Kg1 Kf7 32. Ne4 Ke6 33. Kf1 Be7
34. Ke2 g5 35. Bc3 h5 36. Kd3 g4 37. hxg4 hxg4 38. Be1 Bd8 39. Bf2 1/2-1/2

[Event "C.to Europeo U16"]
[Site "Fermo ITA"]
[Date "2009.09.08"]
[Round "8"]
[White "Pozueta Alegria, Adrian"]
[Black "Hartl, Daniel"]
[Result "1-0"]
[WhiteElo "2022"]
[BlackElo "2249"]
[PlyCount "83"]
[EventDate "2009.08.31"]

1. e4 e5 2. Nf3 Nc6 3. Bb5 a6 4. Ba4 Nf6 5. Qe2 b5 6. Bb3 Bc5 7. c3 d6 8. O-O
O-O 9. Rd1 Bb6 10. d3 h6 11. Nbd2 Ng4 12. Rf1 Nf6 13. Rd1 Re8 14. h3 Ne7 15.
Nf1 Ng6 16. a4 Rb8 17. Be3 c6 18. Qd2 Bxe3 19. Nxe3 Be6 20. Bxe6 fxe6 21. Qc2
d5 22. axb5 axb5 23. Ra6 Qc7 24. b4 c5 25. bxc5 Qxc5 26. exd5 exd5 27. Rxf6
gxf6 28. d4 Qe7 29. Qxg6+ Qg7 30. Qxg7+ Kxg7 31. dxe5 fxe5 32. Rxd5 Rec8 33.
Nf5+ Kf6 34. Ng3 b4 35. Rd6+ Ke7 36. Nf5+ Kf8 37. cxb4 Rxb4 38. Nxe5 Ra8 39.
Rd7 Rb6 40. Rf7+ Kg8 41. Rg7+ Kh8 42. Nf7# 1-0

[Event "C.to Europeo U16"]
[Site "Fermo ITA"]
[Date "2009.09.08"]
[Round "8"]
[White "Rabatin, Jakub"]
[Black "Topak, Engin"]
[Result "1/2-1/2"]
[WhiteElo "2175"]
[BlackElo "2005"]
[PlyCount "89"]
[EventDate "2009.08.31"]

1. e4 c5 2. Nf3 d6 3. d4 cxd4 4. Nxd4 Nf6 5. Nc3 a6 6. Be3 e6 7. Be2 Be7 8. f4
Nbd7 9. g4 Nc5 10. Bf3 d5 11. e5 Nfe4 12. Bxe4 Nxe4 13. Nxe4 dxe4 14. Qe2 Qa5+
15. c3 Bd7 16. O-O h5 17. g5 f6 18. Rad1 Qc7 19. Qg2 f5 20. Qc2 Kf7 21. Qb3 g6
22. Rd2 Rhd8 23. Rfd1 b5 24. a3 Rab8 25. Qc2 Rb7 26. b4 Rbb8 27. Nb3 Bc6 28.
Bc5 e3 29. Bxe3 Ba8 30. h4 Qc6 31. Kh2 Qf3 32. Rxd8 Rxd8 33. Re1 Rd3 34. Nd4
Qe4 35. Qf2 Qd5 36. Bd2 Bd8 37. Re3 Rxe3 38. Bxe3 Bb6 39. Nxf5 gxf5 40. Bxb6
Qe4 41. Be3 Bd5 42. Bd2 Kg6 43. Qf1 Kf7 44. Kh3 Kg6 45. Kg3 1/2-1/2

[Event "C.to Europeo U16"]
[Site "Fermo ITA"]
[Date "2009.09.08"]
[Round "8"]
[White "Ralys, Vincas"]
[Black "Draskovic, Davor"]
[Result "1-0"]
[WhiteElo "1868"]
[BlackElo "1702"]
[PlyCount "59"]
[EventDate "2009.08.31"]

1. e4 c5 2. Nf3 d6 3. d4 cxd4 4. Nxd4 Nf6 5. Nc3 Nc6 6. Bg5 Bd7 7. Qd2 Rc8 8.
Be2 Qa5 9. Nb3 Qd8 10. O-O-O e6 11. f4 Be7 12. g4 h6 13. Bxf6 gxf6 14. Nb5 Qb6
15. Nxd6+ Bxd6 16. Qxd6 Qe3+ 17. Kb1 Nb8 18. e5 Qxf4 19. exf6 Qxd6 20. Rxd6 Bc6
21. Rhd1 Nd7 22. Nd4 Be4 23. Bb5 Rc7 24. Nxe6 Bxc2+ 25. Ka1 fxe6 26. Rxd7 Rxd7
27. Rxd7 a6 28. Rh7+ axb5 29. Rxh8+ Kf7 30. Rxh6 1-0

[Event "C.to Europeo U16"]
[Site "Fermo ITA"]
[Date "2009.09.08"]
[Round "8"]
[White "Rasulo, Stefano"]
[Black "Marchetti, Michael"]
[Result "1-0"]
[WhiteElo "1794"]
[BlackElo "1503"]
[PlyCount "39"]
[EventDate "2009.08.31"]

1. e4 c5 2. Nf3 d6 3. d4 cxd4 4. Nxd4 Nf6 5. Nc3 Nc6 6. f3 Bd7 7. Be3 e6 8. Qd2
Be7 9. O-O-O O-O 10. g4 Nxd4 11. Bxd4 Bc6 12. g5 Nd7 13. h4 f6 14. Bc4 fxg5 15.
Bxe6+ Kh8 16. hxg5 Bxg5 17. Be3 Bxe3 18. Qxe3 Nc5 19. Bf5 h6 20. Rxh6+ 1-0

[Event "C.to Europeo U16"]
[Site "Fermo ITA"]
[Date "2009.09.08"]
[Round "8"]
[White "Rioboo De Larriva, Alvaro"]
[Black "Franciosi, Fausto"]
[Result "1-0"]
[WhiteElo "2150"]
[BlackElo "1993"]
[PlyCount "123"]
[EventDate "2009.08.31"]

1. e4 e6 2. d4 d5 3. Nc3 Bb4 4. e5 c5 5. Bd2 cxd4 6. Nb5 Bc5 7. b4 Bf8 8. Nxd4
Nc6 9. Nxc6 bxc6 10. Qg4 Ne7 11. Nf3 Nf5 12. Bd3 Rb8 13. O-O h5 14. Qf4 g6 15.
Bxf5 gxf5 16. Rfb1 Bh6 17. Qd4 Bxd2 18. Qxd2 Bd7 19. c4 h4 20. c5 Rh5 21. a4
Qc7 22. Rb2 Ke7 23. Rab1 f6 24. Qf4 Rc8 25. Re1 Kf7 26. Qd4 Qd8 27. b5 Kg6 28.
exf6 Qxf6 29. Qxf6+ Kxf6 30. b6 a6 31. h3 Rb8 32. Rb4 Rb7 33. Rxh4 Rxh4 34.
Nxh4 e5 35. f4 e4 36. Rd1 Bc8 37. g3 Rd7 38. Rd4 Rh7 39. a5 Bb7 40. Kf2 Bc8 41.
Rd1 Rg7 42. Ng2 Rh7 43. h4 Rd7 44. Rd4 Bb7 45. Ne3 Rg7 46. Rd1 Bc8 47. Nc2 Rh7
48. Nd4 Bb7 49. Rh1 Rh5 50. Ke3 Ba8 51. Kf2 Bb7 52. Rg1 Rh7 53. Ke3 Rg7 54. h5
Rh7 55. Rh1 Rh6 56. Kf2 Ba8 57. g4 fxg4 58. Kg3 Bb7 59. Kxg4 Bc8+ 60. Kg3 Bb7
61. Kh4 Ba8 62. Rg1 1-0

[Event "C.to Europeo U16"]
[Site "Fermo ITA"]
[Date "2009.09.08"]
[Round "8"]
[White "Rozic, Samo"]
[Black "Pruja Ramirez De Cartagena, Marc"]
[Result "1-0"]
[WhiteElo "1999"]
[BlackElo "2214"]
[PlyCount "93"]
[EventDate "2009.08.31"]

1. e4 c5 2. Nc3 d6 3. g3 g6 4. Bg2 Bg7 5. d3 Nc6 6. f4 e5 7. Nh3 Nge7 8. O-O
Nd4 9. Be3 h6 10. Qd2 Be6 11. Nd5 Bxd5 12. exd5 Qd7 13. Nf2 Nef5 14. Rae1 Nxe3
15. Rxe3 O-O 16. fxe5 dxe5 17. Rfe1 f5 18. c3 Nb5 19. Kh1 g5 20. c4 Nd4 21. Rg1
g4 22. Ree1 Kh7 23. h3 h5 24. Qg5 Qf7 25. hxg4 hxg4 26. Nxg4 fxg4 27. Be4+ Kg8
28. Ref1 Qd7 29. Qg6 Rf3 30. d6 Kf8 31. Bd5 Re8 32. Kg2 Re6 33. Qxg4 Rff6 34.
Rxf6+ Bxf6 35. Rh1 Bg7 36. Rf1+ Ke8 37. Qh5+ Kd8 38. Rf7 Qe8 39. Bxe6 Nxe6 40.
Qh4+ Kc8 41. d7+ Qxd7 42. Rxd7 Kxd7 43. Qe4 Kc7 44. Qd5 Nd8 45. g4 Bf6 46. g5
Be7 47. g6 1-0

[Event "C.to Europeo U16"]
[Site "Fermo ITA"]
[Date "2009.09.08"]
[Round "8"]
[White "Schaeken, Yordi"]
[Black "Kovalev, Vladislav"]
[Result "0-1"]
[WhiteElo "2078"]
[BlackElo "2307"]
[PlyCount "106"]
[EventDate "2009.08.31"]

1. d4 Nf6 2. Nf3 g6 3. g3 Bg7 4. Bg2 O-O 5. O-O c6 6. h3 d6 7. a4 a5 8. Nc3 d5
9. Re1 Ne4 10. Nxe4 dxe4 11. Ne5 f6 12. Nc4 Be6 13. b3 f5 14. c3 b5 15. axb5
cxb5 16. Ne3 b4 17. cxb4 Bxd4 18. Rxa5 Rxa5 19. bxa5 Qxa5 20. b4 Qb6 21. Qa4
Bc3 22. Rd1 Qxb4 23. Qxb4 Bxb4 24. Nd5 Bd6 25. Bh6 Rd8 26. Nf4 Bc4 27. Bf1 Kf7
28. e3 Bxf1 29. Kxf1 Nc6 30. Ke2 Bxf4 31. Bxf4 Rxd1 32. Kxd1 e5 33. Bh6 Nd8 34.
h4 Ne6 35. Ke2 g5 36. hxg5 Kg6 37. Kf1 Kh5 38. Kg1 Nxg5 39. Bf8 Nf3+ 40. Kg2
Ne1+ 41. Kf1 Nd3 42. Bd6 Kg4 43. Kg2 f4 44. gxf4 exf4 45. exf4 Nxf4+ 46. Kf1
Kf3 47. Be7 h5 48. Bd8 Nd3 49. Bh4 Kg4 50. Bd8 h4 51. Kg1 h3 52. Bb6 Kf3 53.
Ba7 Nxf2 0-1

[Event "C.to Europeo U16"]
[Site "Fermo ITA"]
[Date "2009.09.08"]
[Round "8"]
[White "Seegert, Kristian"]
[Black "Immonen, Vihtori"]
[Result "1-0"]
[WhiteElo "2103"]
[BlackElo "1872"]
[PlyCount "57"]
[EventDate "2009.08.31"]

1. e4 c5 2. Nf3 d6 3. d4 cxd4 4. Nxd4 Nf6 5. Nc3 g6 6. Be3 Bg7 7. f3 O-O 8. Qd2
Nc6 9. Bc4 Bd7 10. O-O-O Rb8 11. Bb3 Na5 12. Kb1 b5 13. h4 Nc4 14. Bxc4 bxc4
15. Ka1 Qb6 16. Rb1 Qb4 17. Bh6 Bxh6 18. Qxh6 Qc5 19. Nde2 Rb7 20. h5 Bc6 21.
Nf4 Qe3 22. Rhe1 Qb6 23. hxg6 fxg6 24. Nxg6 Rf7 25. Nf4 Qf2 26. e5 dxe5 27.
Rxe5 Rg7 28. Ne6 Ne8 29. Rg5 1-0

[Event "C.to Europeo U16"]
[Site "Fermo ITA"]
[Date "2009.09.08"]
[Round "8"]
[White "Srbis, Jurica"]
[Black "Colon Garcia, Enrique"]
[Result "1-0"]
[WhiteElo "2250"]
[BlackElo "2173"]
[PlyCount "77"]
[EventDate "2009.08.31"]

1. e4 c5 2. Nf3 d6 3. d4 cxd4 4. Nxd4 Nf6 5. Nc3 a6 6. g3 e5 7. Nb3 b6 8. Bg2
Bb7 9. O-O Nbd7 10. Re1 Rc8 11. Nd5 Nxd5 12. exd5 Be7 13. f4 O-O 14. c3 Bf6 15.
Be3 Re8 16. Bh3 Rc7 17. Qd2 Nc5 18. f5 h6 19. Nxc5 bxc5 20. Bg2 Bg5 21. h4
Bxe3+ 22. Rxe3 c4 23. Be4 Rc5 24. Rf3 Qb6 25. Rf2 f6 26. g4 Kf7 27. Kf1 Qa5 28.
Rd1 Qxa2 29. g5 hxg5 30. hxg5 Rh8 31. Rh2 Rcc8 32. g6+ Ke7 33. Rh7 Rxh7 34.
gxh7 Rh8 35. Qg2 Kf8 36. Qg6 Qa4 37. Bf3 Qe8 38. Bh5 Qe7 39. Ra1 1-0

[Event "C.to Europeo U16"]
[Site "Fermo ITA"]
[Date "2009.09.08"]
[Round "8"]
[White "Stoeri, Simon"]
[Black "Berchtenbreiter, Maximilian"]
[Result "0-1"]
[WhiteElo "1974"]
[BlackElo "2143"]
[PlyCount "54"]
[EventDate "2009.08.31"]

1. e4 c5 2. Nf3 d6 3. d4 cxd4 4. Nxd4 Nf6 5. Nc3 a6 6. Be3 e5 7. Nb3 Be6 8. f3
Be7 9. Qd2 O-O 10. O-O-O a5 11. Bb5 Nc6 12. Kb1 Na7 13. Ba4 Bc4 14. Nc1 Qb8 15.
g4 d5 16. exd5 Bb4 17. Bxa7 Qxa7 18. a3 Nxd5 19. axb4 axb4 20. N3a2 Qxa4 21. b3
Qa3 22. c3 bxc3 23. Qc2 Nb4 24. Qxc3 Nxa2 25. Qxc4 Nxc1 26. Rd2 Qa1+ 27. Kc2
Ra2+ 0-1

[Event "C.to Europeo U16"]
[Site "Fermo ITA"]
[Date "2009.09.08"]
[Round "8"]
[White "Szabo, Bence"]
[Black "Huseyn, Orkhan Samir Oglu"]
[Result "1-0"]
[WhiteElo "2243"]
[BlackElo "2121"]
[PlyCount "75"]
[EventDate "2009.08.31"]

1. d4 Nf6 2. c4 g6 3. Nc3 Bg7 4. e4 d6 5. Bd3 O-O 6. Nge2 Nc6 7. O-O Nh5 8. Bc2
e5 9. d5 Ne7 10. a4 f5 11. exf5 gxf5 12. Ra3 Ng6 13. Ng3 Nxg3 14. fxg3 e4 15.
Ne2 Ne5 16. b3 c6 17. Nf4 Ng4 18. Kh1 Be5 19. Ra2 Bd7 20. Qe2 cxd5 21. cxd5 Rc8
22. h3 Nf6 23. Rd1 Rc3 24. Kh2 Qc7 25. Be3 Rc8 26. Rd2 Qa5 27. Bd1 Rxe3 28.
Qxe3 Rc3 29. Qe1 Qb6 30. Re2 Rc5 31. a5 Qb5 32. b4 Rc4 33. Ba4 Qxb4 34. Bxd7
Nxd7 35. Qf1 Nf6 36. Rec2 Rc5 37. Qc1 Nxd5 38. Rxc5 1-0

[Event "C.to Europeo U16"]
[Site "Fermo ITA"]
[Date "2009.09.08"]
[Round "8"]
[White "Tal, Eyal"]
[Black "Fernandez Garcia, Jose' Miguel"]
[Result "0-1"]
[WhiteElo "2028"]
[BlackElo "2261"]
[PlyCount "58"]
[EventDate "2009.08.31"]

1. e4 e5 2. Nf3 d6 3. d4 Nf6 4. Nc3 Nbd7 5. Bc4 Be7 6. Bxf7+ Kxf7 7. Ng5+ Kg8
8. Ne6 Qe8 9. Nxc7 Qg6 10. Be3 Rb8 11. Qd3 h6 12. O-O-O Kh7 13. f3 a6 14. Qe2
Bd8 15. Ne6 Nxe4 16. Nxe4 Qxe6 17. Qd3 g6 18. d5 Qe7 19. h4 Kg8 20. f4 exf4 21.
Bxf4 Ne5 22. Qg3 Bf5 23. Nxd6 Qxd6 24. Bxe5 Qc5 25. c3 Rc8 26. Rdf1 Bb6 27. Bd4
Qxd4 28. Re1 Bc7 29. Qf3 Bf4+ 0-1